| 000 | 00384nam a2200169Ia 4500 | ||
|---|---|---|---|
| 100 | _aCiampa/Mark | ||
| 650 | _aNetwork Security | ||
| 250 | _a4 | ||
| 942 | _cBK | ||
| 366 | _f25 | ||
| 245 | _aSecuity +Guide to network security fundamentals | ||
| 260 |
_bCoursetech/Cengage Learing _c2012 |
||
| 082 |
_a5.8 _bCIA |
||
| 300 | _a628 | ||
| 546 |
_aENGLISH _cComputers |
||
| 999 |
_c26774 _d26774 |
||